000 00396nam a2200157 i 4500
001 135087
003 ES-MaACL
005 20230906194813.0
007 t|
008 070709s1920 xxk ||||1| eng d
100 1 _aThomas, J. H.
_9110024
245 1 0 _aWhen labour rules /
_cJ. H. Thomas.
260 _aLondon :
_bCollins,
_c[1920]
300 _a203 p. ;
_c21 cm.
852 _aES-MaACL
_jD-3455
999 _c135087
_d135087